| 000 | 01661 a2200277 4500 | ||
|---|---|---|---|
| 003 | Nust | ||
| 005 | 20221201090259.0 | ||
| 010 | _a 89011374 | ||
| 020 | _a0387191895 (Springer-Verlag New York Berlin Heidelberg) | ||
| 020 | _a3540191895 (Springer-Verlag Berlin Heidelberg New York) | ||
| 040 | _cNust | ||
| 082 | 0 | 0 | _a535.4,BAB |
| 100 | 1 |
_aBabich, V. M. _9103846 |
|
| 245 | 1 | 0 |
_aShort-wavelength diffraction theory : _basymptotic methods / _cV.M. Babic V.S. Buldyrev ; translated by E.F. Kuester. |
| 260 |
_aBerlin ; _aNew York : _bSpringer-Verlag, _cc1991. |
||
| 300 |
_axi, 445 p. : _bill. ; _c24 cm. |
||
| 490 | 1 |
_aSpringer series on wave phenomena ; _vv. 4 |
|
| 505 | _aThe Ray Method (Page-1), The field near a Caustic (Page-42), Derivation of Asymptotic Formulas for Eigenvalues and Eigenfunctions Using the Ray Method (Page-66), The Ray Method in the Small (Page-97), The Parabolic Equations’ Method (Page-131), Asymptotic Expansions of Eigenfunctions Concentrated (Page-145), Eigenfunctions Concentrated in the Neighborhood (Page-180), Eigenfunctions Concentrated in the Vicinity of Closed Geodesic (Page-214) Multiple Mirror Resonate (Page-258), The field of a point Source Located Near A Convex Curve (Page-285), Asymptotic Expansion of the green Functions (Page-306), The High Frequency Asymptotic of the field Scartted by Smooth Body (357). | ||
| 650 | 0 |
_aAsymptotic expansions. _9103847 |
|
| 650 | 0 |
_aEigenfunctions. _9103848 |
|
| 650 | 0 |
_aX-rays _xDiffraction. |
|
| 700 | 1 |
_aBuldyrev, V. S. _9103849 |
|
| 740 | 0 | _aShortwave diffraction theory. | |
| 830 | 0 |
_aSpringer series on wave phenomena ; _9103850 |
|
| 942 |
_2ddc _cBK _k535.4,BAB |
||
| 999 |
_c183961 _d183961 |
||